Evidence-based dentistry : (Record no. 20677)
[ view plain ]
| 000 -LEADER | |
|---|---|
| fixed length control field | 01450cam a22003015a 4500 |
| 001 - CONTROL NUMBER | |
| control field | 14194092 |
| 005 - DATE AND TIME OF LATEST TRANSACTION | |
| control field | 20151115141934.0 |
| 008 - FIXED-LENGTH DATA ELEMENTS--GENERAL INFORMATION | |
| fixed length control field | 051205s2006 enka frb 001 0 eng d |
| 020 ## - INTERNATIONAL STANDARD BOOK NUMBER | |
| International Standard Book Number | 1405124962 |
| 020 ## - INTERNATIONAL STANDARD BOOK NUMBER | |
| International Standard Book Number | 9781405124966 |
| 040 ## - CATALOGING SOURCE | |
| Original cataloging agency | DNLM/DLC |
| Transcribing agency | DLC |
| Modifying agency | NLM |
| -- | BAKER |
| -- | UKM |
| -- | BWKUK |
| -- | BTCTA |
| -- | YDXCP |
| -- | LVB |
| -- | DLC |
| -- | EG-ScBUE |
| Language of cataloging | eng |
| 082 04 - DEWEY DECIMAL CLASSIFICATION NUMBER | |
| Classification number | 617.6 |
| Edition number | 22 |
| Item number | HAC |
| 100 1# - MAIN ENTRY--PERSONAL NAME | |
| Personal name | Hackshaw, Allan K. |
| 9 (RLIN) | 38743 |
| 245 10 - TITLE STATEMENT | |
| Title | Evidence-based dentistry : |
| Remainder of title | an introduction / |
| Statement of responsibility, etc | Allan K. Hackshaw, Elizabeth A. Paul, Elizabeth S. Davenport. |
| 260 ## - PUBLICATION, DISTRIBUTION, ETC. (IMPRINT) | |
| Place of publication, distribution, etc | Oxford ; |
| -- | Ames ; |
| -- | Victoria : |
| Name of publisher, distributor, etc | Blackwell Munksgaard, |
| Date of publication, distribution, etc | 2006. |
| 300 ## - PHYSICAL DESCRIPTION | |
| Extent | xii, 225 p. : |
| Other physical details | ill. ; |
| Dimensions | 25 cm. |
| 500 ## - GENERAL NOTE | |
| General note | Index : p. 222-225. |
| 504 ## - BIBLIOGRAPHY, ETC. NOTE | |
| Bibliography, etc | Bibliography : p.219-221. |
| 505 0# - FORMATTED CONTENTS NOTE | |
| Formatted contents note | Evidence-based dentistry : what it is and how to practice it -- Counting people : understanding percentages and proportions -- Taking measurements on people -- Comparing groups and examining associations -- Assessing the effectiveness of treatments -- Determining risk factors for and causes of disease -- Detecting disease -- Study design issues -- Reviewing all the evidence -- Summary of statistical concepts. |
| 650 #0 - SUBJECT ADDED ENTRY--TOPICAL TERM | |
| Topical term or geographic name as entry element | Evidence-based dentistry. |
| Source of heading or term | BUEsh |
| 650 #0 - SUBJECT ADDED ENTRY--TOPICAL TERM | |
| Topical term or geographic name as entry element | Dentistry |
| Form subdivision | Miscellanea. |
| Source of heading or term | BUEsh |
| 650 #7 - SUBJECT ADDED ENTRY--TOPICAL TERM | |
| Topical term or geographic name as entry element | Evidence-based medicine. |
| Source of heading or term | BUEsh |
| 9 (RLIN) | 28916 |
| 651 ## - SUBJECT ADDED ENTRY--GEOGRAPHIC NAME | |
| Source of heading or term | BUEsh |
| 653 ## - INDEX TERM--UNCONTROLLED | |
| Resource For college | |
| Arrived date list | August2015 |
| -- | November2015 |
| 700 1# - ADDED ENTRY--PERSONAL NAME | |
| Personal name | Paul, Elizabeth A. |
| 700 1# - ADDED ENTRY--PERSONAL NAME | |
| Personal name | Davenport, Elizabeth S. |
| 942 ## - ADDED ENTRY ELEMENTS (KOHA) | |
| Source of classification or shelving scheme | Dewey Decimal Classification |
| Withdrawn status | Lost status | Source of classification or shelving scheme | Damaged status | Not for loan | Koha collection | Home library | Current library | Shelving location | Date acquired | Source of acquisition | Cost, normal purchase price | Serial Enumeration / chronology | Total Checkouts | Total Renewals | Full call number | Barcode | Date last seen | Date last borrowed | Cost, replacement price | Koha item type |
|---|---|---|---|---|---|---|---|---|---|---|---|---|---|---|---|---|---|---|---|---|
| Dewey Decimal Classification | Baccah | Central Library | Central Library | First floor | 24/08/2015 | Purchase | 590.00 | 23317 | 2 | 1 | 617.6 HAC | 000039034 | 15/07/2025 | 10/10/2021 | 738.00 | Book - Borrowing |